000 01599nam a2200277 a 4500
090 _aIAVH
_b00666
041 _aspa
100 _aMúnera, Claudia
_94663
245 _aCaracterización biológica del occidente del departamento de Boyacá
_bespecies amenazadas de la Serranía de Las Quinchas
260 _aBogotá
_bInstituto Alexander von Humboldt
_c2002
300 _a36 p.
520 _aSe presentan algunas características del área de estudio como clima, geología y suelos, cuencas hidrográficas, aspectos socioeconómicos, localidades estudiadas. Se muestra la metodología empleada en la medición de la diversidad ecosistémica, la identificación de especies de aves amenazadas en la Serranía de Las Quinchas. Finalmente se exponen los resultados obtenidos en relación con: diversidad ecosistémica, fauna y flora de la Serranía de Las Quinchas, especies de plantas amenazadas, especies de aves amenazadas, especies amenazadas de otros grupos biológicos, Areas de Concentración de Especies de aves amenazadas e importancia de la Serranía
650 _aBiodiversidad
_992204
650 _aConservación
_992401
650 _aDiversidad ecosistémica
_992552
650 _aAreas de concentración de especies
_992553
650 _aEspecies amenazadas
_9157
650 _aPlantas
_992294
650 _aAves
_992429
662 _aColombia
_cSerranía de Las Quinchas
_bBoyacá
700 _aFranco, Ana María
_9408
700 _aRenjifo, Luis Miguel
_992541
700 _aValencia, Iván Darío
_94874
700 _aQuiceno, María Paula
_91346
700 _aPolanco, Henry
_92500
999 _c6165
_d6165